000 00627nam a22001937a 4500
003 OSt
005 20251024005020.0
008 251007b |||||||| |||| 00| 0 eng d
020 _a971-936555-6.
040 _aDWCL-Main lib
_cOC
082 _aFil. 770 V719f 2008
100 _aVillarba, Waynefred H.
245 _aForensic photography for criminology students and practitioners
260 _aQuezon City :
_bWiseman's Books Trading,
_cc2008.
300 _aviii, 222 pages :
_billustration ;
_c22 cm.
504 _aIncludes bibliographical references and index.
650 _21. Photography.
942 _2ddc
_cBK - FIL
_kFil.
_n0
999 _c4654
_d4654